[Event "AUTO-MASTER-2936"]
[Site "http://www.queenalice.com/game.php?id=1624122"]
[Date "2020.8.17"]
[Round "2"]
[White "Clauceri"]
[Black "jupar"]
[Result "0-1"]
[WhiteElo "2107"]
[BlackElo "1898"]

1. c4 Nf6 2. d4 e6 3. Nc3 d5 4. e3 c6 5. Nf3 Bd6 6. cxd5 exd5 7. Bd3 Bg4 8. h3
Bh5 9. O-O Qe7 10. Re1 Ne4 11. g4 Bg6 12. Qa4 Nxc3 13. bxc3 Bxd3 14. c4 O-O 15.
c5 Bc7 16. Rb1 Bxb1 0-1

[Event "AUTO-MASTER-2936"]
[Site "http://www.queenalice.com/game.php?id=1624123"]
[Date "2020.8.17"]
[Round "2"]
[White "jupar"]
[Black "FM"]
[Result "0-1"]
[WhiteElo "1869"]
[BlackElo "2280"]

1. e4 e6 2. d4 d5 3. e5 c5 4. c3 Ne7 5. Nf3 Nbc6 6. a3 Nf5 7. Bb5 Bd7 8. Bxc6
bxc6 9. g4 Nh4 10. O-O Be7 11. Be3 Rb8 12. Nxh4 Bxh4 13. Nd2 Rxb2 14. Nb3 Qb6
15. Nxc5 Qd8 16. Qa4 O-O 17. Qxa7 Bc8 18. Rfb1 Bxf2+ 19. Bxf2 Rxf2 20. Kxf2 Qh4+
21. Kf1 Qh3+ 0-1

[Event "AUTO-MASTER-2936"]
[Site "http://www.queenalice.com/game.php?id=1624124"]
[Date "2020.8.17"]
[Round "2"]
[White "FM"]
[Black "jupar"]
[Result "1-0"]
[WhiteElo "2195"]
[BlackElo "1929"]

1. e4 e5 2. Nf3 Nc6 3. Bb5 Nf6 4. O-O Bc5 5. c3 Bb6 6. d4 Nxe4 7. Bxc6 dxc6 8.
Re1 Bf5 9. Nxe5 f6 10. Qf3 fxe5 11. Qxf5 Nf6 12. Rxe5+ Kf7 13. Qe6+ Kg6 14. Rg5+
Kh6 15. Qh3+ 1-0

[Event "AUTO-MASTER-2926"]
[Site "http://www.queenalice.com/game.php?id=1624654"]
[Date "2020.8.23"]
[Round "2"]
[White "Jarowit_1"]
[Black "jupar"]
[Result "1-0"]
[WhiteElo "2427"]
[BlackElo "2043"]

1. g4 d5 2. Bg2 Bxg4 3. c4 e6 4. Qb3 Nd7 5. cxd5 Ngf6 6. Nc3 Bd6 7. h3 Bh5 8.
Qxb7 Rb8 9. Qxa7 Bc5 10. Qa4 Rb4 11. Qc2 Bg6 12. d3 O-O 13. a3 Rb8 14. dxe6 fxe6
15. Nf3 1-0

[Event "AUTO-MASTER-2926"]
[Site "http://www.queenalice.com/game.php?id=1624655"]
[Date "2020.8.23"]
[Round "2"]
[White "jupar"]
[Black "Jarowit_1"]
[Result "0-1"]
[WhiteElo "2041"]
[BlackElo "2428"]

1. e4 e6 2. Nf3 d5 3. exd5 exd5 4. c3 Bd6 5. d4 Nf6 6. Be2 O-O 7. O-O Nc6 8. Bg5
h6 9. Be3 Bf5 10. Bd3 Qd7 11. Qc2 Bxd3 12. Qxd3 Rfe8 13. Nbd2 a5 14. a3 a4 15.
Rfe1 Na5 16. Rad1 b5 0-1

[Event "AUTO-MASTER-2926"]
[Site "http://www.queenalice.com/game.php?id=1624658"]
[Date "2020.8.23"]
[Round "2"]
[White "jupar"]
[Black "capaputi"]
[Result "0-1"]
[WhiteElo "1922"]
[BlackElo "2235"]

1. e4 e6 2. d4 d5 3. e5 c5 4. c3 Nc6 5. Nf3 Qb6 6. a3 a5 7. Be2 Nge7 8. O-O cxd4
9. cxd4 Nf5 10. a4 Nfxd4 11. Nxd4 Nxd4 12. Nc3 Nxe2+ 13. Qxe2 Bc5 14. Rb1 O-O
15. h3 Bd7 16. Re1 Rfc8 17. Be3 d4 18. Qd2 Bc6 19. Nb5 dxe3 20. fxe3 Bxb5 21.
axb5 Bb4 22. Qd4 Qxd4 23. exd4 Bxe1 24. Rxe1 Rc2 25. Rb1 Rd8 26. b4 axb4 27.
Rxb4 Ra8 28. b6 Raa2 29. Rb1 Rxg2+ 30. Kf1 Raf2+ 31. Ke1 Rb2 32. Rc1 Rg1# 0-1

[Event "AUTO-MASTER-2926"]
[Site "http://www.queenalice.com/game.php?id=1624659"]
[Date "2020.8.23"]
[Round "2"]
[White "capaputi"]
[Black "jupar"]
[Result "1-0"]
[WhiteElo "2199"]
[BlackElo "1867"]

1. e4 e5 2. Nf3 Nc6 3. Bc4 Nf6 4. Ng5 d5 5. exd5 Na5 6. Bb5+ c6 7. dxc6 bxc6 8.
Be2 Bc5 9. d3 Nb7 10. Nc3 O-O 11. O-O Bf5 12. Bf3 Nd5 13. Nge4 Bb6 14. Bg5 f6
15. Bd2 Be6 16. Na4 Nd6 17. Nxd6 Qxd6 18. a3 Bc7 19. g3 Bh3 20. Re1 Rfe8 21. b4
Nb6 22. Nc5 Nd5 23. c4 Ne7 24. Bc3 Rad8 25. Rc1 Rb8 26. d4 exd4 27. Qxd4 Qxd4
28. Bxd4 Nf5 29. Bc3 Ne7 30. Na6 Rbc8 31. Nxc7 Rxc7 32. Bd4 a6 33. Re3 Rcc8 34.
Rce1 Kf7 35. Bc5 Rc7 36. Bd6 Ra7 37. Bxc6 Nxc6 38. Rxe8 Ne5 39. Bxe5 Kxe8 40.
Bd4+ Re7 41. Be3 Be6 42. Bc5 Kf7 43. Bxe7 Kxe7 44. c5 Kd7 45. f4 Bc4 46. Kf2 h6
47. Ke3 g5 48. fxg5 hxg5 49. Kd4 Bb3 50. h4 gxh4 51. gxh4 Bf7 52. Re3 Ba2 53. h5
1-0

[Event "AUTO-OPEN-4206"]
[Site "http://www.queenalice.com/game.php?id=1624770"]
[Date "2020.8.24"]
[Round "1"]
[White "jupar"]
[Black "zubarev"]
[Result "0-1"]
[WhiteElo "1973"]
[BlackElo "1718"]

1. e4 e5 2. Ne2 Nf6 3. Nbc3 Nc6 4. d3 d6 5. f3 Be6 6. Be3 Be7 7. Qd2 O-O 8.
O-O-O Nd7 9. d4 exd4 10. Nxd4 Nxd4 11. Bxd4 Nb6 12. Nd5 Nxd5 13. exd5 Bd7 0-1

[Event "AUTO-OPEN-4206"]
[Site "http://www.queenalice.com/game.php?id=1624771"]
[Date "2020.8.24"]
[Round "1"]
[White "zubarev"]
[Black "jupar"]
[Result "1-0"]
[WhiteElo "1744"]
[BlackElo "1947"]

1. d4 d5 2. Nc3 Nf6 3. Nf3 e6 4. Ne5 Bd6 5. f4 c6 6. e3 Nbd7 7. Bd3 O-O 8. O-O
a5 9. Bd2 Qc7 10. Qf3 b5 11. a3 Ba6 12. Kh1 b4 13. axb4 Bxd3 14. Nxd3 1-0

[Event "AUTO-OPEN-4206"]
[Site "http://www.queenalice.com/game.php?id=1624772"]
[Date "2020.8.24"]
[Round "1"]
[White "jupar"]
[Black "juim"]
[Result "1-0"]
[WhiteElo "1919"]
[BlackElo "1484"]

1. e4 g6 2. d4 Nf6 3. Bd3 Bg7 4. Nf3 O-O 5. c3 c6 6. h3 Na6 7. Be3 d5 8. e5 Nd7
9. Nbd2 Nb6 10. b3 Be6 11. O-O f6 12. Re1 fxe5 13. dxe5 Qc7 14. Qe2 c5 15. Rac1
Bxh3 16. gxh3 Bxe5 17. Nxe5 Qxe5 18. Bxa6 bxa6 19. Nf3 Qf6 20. Kg2 a5 21. Bxc5
Rf7 22. Bd4 Qd6 23. Qe6 Qxe6 24. Rxe6 Nd7 25. Rce1 Raf8 26. Rxe7 Rxf3 27. Rg7+
Kh8 28. Rxd7+ Kg8 29. Rg7+ Kh8 30. Rf7+ Kg8 31. Rxf3 1-0

[Event "AUTO-OPEN-4206"]
[Site "http://www.queenalice.com/game.php?id=1624773"]
[Date "2020.8.24"]
[Round "1"]
[White "juim"]
[Black "jupar"]
[Result "0-1"]
[WhiteElo "1576"]
[BlackElo "2043"]

1. b4 d5 2. Bb2 Nd7 3. Nc3 d4 4. Ne4 e5 5. Nf3 Bxb4 6. g3 Ngf6 7. Nxf6+ Nxf6 8.
Nxe5 Qd5 9. Nf3 Ne4 10. Bg2 Nxd2 11. Nxd2 Qxg2 12. Rf1 Bh3 0-1

[Event "AUTO-OPEN-4206"]
[Site "http://www.queenalice.com/game.php?id=1624774"]
[Date "2020.8.24"]
[Round "1"]
[White "jupar"]
[Black "ichtus"]
[Result "0-1"]
[WhiteElo "1928"]
[BlackElo "2845"]

1. e4 c5 2. Nc3 e6 3. Nf3 Nc6 4. a3 Qb6 5. Bc4 Nf6 6. d3 d6 7. O-O Be7 8. Re1
O-O 9. Rb1 Qc7 10. h3 a6 11. Bf4 b5 12. Ba2 Bb7 13. Ne2 Rfd8 14. Ng3 Ne5 15. Ng5
Ng6 16. Qd2 c4 17. Rbd1 e5 18. Be3 h6 19. Nf3 d5 20. exd5 Bxd5 21. Qc3 Bxf3 22.
gxf3 Qc8 23. Kh2 Nd5 24. Qd2 Ndf4 25. Bxf4 Nxf4 26. Qxf4 exf4 27. Rxe7 fxg3+ 28.
fxg3 Qc5 29. Rde1 Qf2+ 30. Kh1 Qxf3+ 31. Kh2 Rac8 32. Bb1 cxd3 33. cxd3 Qf2+ 34.
Kh1 Rc7 35. Re8+ Rxe8 36. Rxe8+ Kh7 37. d4+ g6 0-1

[Event "AUTO-OPEN-4206"]
[Site "http://www.queenalice.com/game.php?id=1624775"]
[Date "2020.8.24"]
[Round "1"]
[White "ichtus"]
[Black "jupar"]
[Result "1-0"]
[WhiteElo "2836"]
[BlackElo "2045"]

1. Nf3 d5 2. g3 Nf6 3. Bg2 e6 4. O-O Bd6 5. d4 c6 6. c4 Nbd7 7. b3 h6 8. Nbd2
O-O 9. Bb2 Re8 10. Ne5 Qc7 11. f4 Ne4 12. Nxe4 Bxe5 13. fxe5 1-0

[Event "AUTO-MASTER-2987"]
[Site "http://www.queenalice.com/game.php?id=1624959"]
[Date "2020.8.25"]
[Round "1"]
[White "jupar"]
[Black "carver"]
[Result "0-1"]
[WhiteElo "2037"]
[BlackElo "2136"]

1. e4 e5 2. Nf3 Nc6 3. Bb5 d6 4. h3 f5 5. d4 a6 6. Bc4 Be7 7. dxe5 fxe4 8. Qd5
Nxe5 9. Nxe5 dxe5 10. Qf7+ Kd7 0-1

[Event "AUTO-MASTER-2987"]
[Site "http://www.queenalice.com/game.php?id=1624960"]
[Date "2020.8.25"]
[Round "1"]
[White "carver"]
[Black "jupar"]
[Result "1-0"]
[WhiteElo "2145"]
[BlackElo "2025"]

1. d4 d5 2. c4 e6 3. a3 Nf6 4. Bg5 Be7 5. Nc3 c6 6. c5 Nbd7 7. b4 e5 8. e3 O-O
9. Be2 e4 10. f3 h6 11. Bh4 Re8 12. Qd2 exf3 13. Nxf3 Ne4 14. Bxe7 1-0

[Event "AUTO-MASTER-2987"]
[Site "http://www.queenalice.com/game.php?id=1624961"]
[Date "2020.8.25"]
[Round "1"]
[White "jupar"]
[Black "junipero"]
[Result "0-1"]
[WhiteElo "2000"]
[BlackElo "2058"]

1. e4 c5 2. Nf3 Nc6 3. c3 e5 4. Bc4 h6 5. d4 cxd4 6. cxd4 exd4 7. Nxd4 d6 8. O-O
Nf6 9. Nc3 Be7 10. Bf4 O-O 11. Re1 Ne5 12. Bb3 a6 13. Nd5 b5 14. Bxe5 dxe5 15.
Nc6 Qd7 16. Ncxe7+ Kh8 0-1

[Event "AUTO-MASTER-2987"]
[Site "http://www.queenalice.com/game.php?id=1624962"]
[Date "2020.8.25"]
[Round "1"]
[White "junipero"]
[Black "jupar"]
[Result "1-0"]
[WhiteElo "2072"]
[BlackElo "1986"]

1. d4 d5 2. c4 e6 3. e3 c6 4. Nc3 Nf6 5. a3 Nbd7 6. c5 e5 7. b4 a6 8. dxe5 Nxe5
9. Bb2 Qe7 10. Nf3 Bg4 11. Be2 O-O-O 12. O-O Bxf3 13. Bxf3 Nc4 14. Bc1 Ne4 15.
Qc2 f5 16. Be2 Nxc3 17. Bxc4 1-0

[Event "AUTO-OPEN-4158"]
[Site "http://www.queenalice.com/game.php?id=1625692"]
[Date "2020.9.2"]
[Round "2"]
[White "parapunzi"]
[Black "jupar"]
[Result "1-0"]
[WhiteElo "2615"]
[BlackElo "1864"]

1. e4 e5 2. Nf3 Nc6 3. d4 exd4 4. Bc4 Be7 5. O-O d6 6. Nxd4 Nf6 7. Nc3 O-O 8.
Bf4 Be6 9. Nxe6 fxe6 10. Bxe6+ Kh8 11. Be3 Ne5 12. f4 Nc6 13. g4 g6 14. g5 Nh5
15. Nd5 Ng7 16. Bh3 1-0

[Event "AUTO-OPEN-4158"]
[Site "http://www.queenalice.com/game.php?id=1625693"]
[Date "2020.9.2"]
[Round "2"]
[White "jupar"]
[Black "parapunzi"]
[Result "0-1"]
[WhiteElo "1862"]
[BlackElo "2616"]

1. e4 c5 2. Nf3 e6 3. c3 d5 4. Bd3 dxe4 5. Bxe4 Nf6 6. O-O Nxe4 7. Qa4+ Bd7 8.
Qxe4 Bc6 9. Qe2 Qd5 10. d3 Bd6 11. Re1 Nd7 12. Nbd2 Bc7 13. Ne4 O-O 14. Be3 c4
15. Neg5 cxd3 0-1